000
00298nam a22001337a 4500
003
SGT
082
_a
615.4
_b
MIS
100
_a
MISHRA ANKIT KUMAR
245
_a
SOCIAL AND PREVENTIVE PHARMACY
260
_a
INDIA
_b
IP PUB
_c
2024
300
_a
164
650
_a
SOCIAL PHARMACY
942
_2
ddc
_c
BK
999
_c
34229
_d
34229